[Event "Lloyds Bank Masters 2nd"]
[Site "London, Cumberland Hotel"]
[Date "1978.08.25"]
[Round "2.1"]
[White "Westerinen, Heikki MJ"]
[Black "Rind, Bruce L"]
[Result "1-0"]
[WhiteElo "2450"]
[BlackElo "2390"]
[PlyCount "101"]
[EventDate "1978.08.24"]
[EventType "swiss"]
[EventRounds "10"]
[EventCountry "ENG"]
[SourceTitle "BritBase"]
[Source "John Saunders"]
[SourceDate "2023.12.16"]
[SourceVersion "1"]
[SourceVersionDate "2023.12.16"]
[SourceQuality "1"]

1. e4 c5 2. Nf3 Nc6 3. d4 cxd4 4. Nxd4 g6 5. Be2 Bg7 6. Nb3 d6 7. O-O Be6 8. f4
Qc8 9. Bf3 Nf6 10. h3 O-O 11. Nc3 Bc4 12. Rf2 Rd8 13. Nd5 e6 14. Nxf6+ Bxf6 15.
c3 d5 16. e5 Bh4 17. Rc2 a5 18. Be3 a4 19. Nd4 Qd7 20. Kh2 Be7 21. Rf2 Qc7 22.
Qd2 Rdc8 23. a3 Na5 24. Re1 Ba6 25. Qd1 Bc4 26. Bg4 Ra6 27. g3 Nb3 28. h4 Nc5
29. Rh1 h5 30. Bf3 Kg7 31. Kg1 Rh8 32. Rfh2 Bd3 33. Rg2 Qd8 34. g4 hxg4 35.
Rxg4 Rh5 36. Rg2 Rh7 37. h5 Qh8 38. f5 exf5 39. Bxd5 Kf8 40. Bxb7 Qxe5 41. Qe1
Rb6 42. Bh6+ Rxh6 43. Qxe5 Rxb7 44. hxg6 Rxh1+ 45. Kxh1 fxg6 46. Rxg6 Be4+ 47.
Kg1 Ke8 48. Rg8+ Kd7 49. Rg7 Kd8 50. Rxe7 Rxe7 51. Qxc5 1-0

[Event "Lloyds Bank Masters 2nd"]
[Site "London, Cumberland Hotel"]
[Date "1978.08.25"]
[Round "2.2"]
[White "Tatai, Stefano"]
[Black "Watson, John L"]
[Result "1/2-1/2"]
[WhiteElo "2455"]
[BlackElo "2320"]
[PlyCount "88"]
[EventDate "1978.08.24"]
[EventType "swiss"]
[EventRounds "10"]
[EventCountry "ENG"]
[SourceTitle "BritBase"]
[Source "John Saunders"]
[SourceDate "2023.12.16"]
[SourceVersion "1"]
[SourceVersionDate "2023.12.16"]
[SourceQuality "1"]

1. d4 d5 2. c4 Nc6 3. Nf3 Bg4 4. cxd5 Bxf3 5. gxf3 Qxd5 6. e3 e5 7. Nc3 Bb4 8.
Bd2 Bxc3 9. bxc3 exd4 10. cxd4 Nf6 11. Bg2 Rd8 12. O-O Rd6 13. Kh1 O-O 14. Rg1
Rfd8 15. Be1 Qh5 16. f4 Ng4 17. h3 Rh6 18. Bf1 Qd5+ 19. e4 Nxf2+ 20. Bxf2 Qxe4+
21. Rg2 Rxh3+ 22. Kg1 g6 23. Qg4 Rf3 24. Re1 Qxf4 25. Be2 Qxg4 26. Rxg4 Rc3 27.
Bf1 f5 28. Rf4 Kf7 29. Bg2 Rd7 30. d5 Ne7 31. Ra4 a6 32. Rd1 g5 33. Rb4 b5 34.
Rbd4 h5 35. a4 Rc4 36. Rxc4 bxc4 37. Rd4 c3 38. Rc4 Nxd5 39. Bxd5+ Rxd5 40.
Rxc7+ Ke6 41. Rxc3 f4 42. Rc6+ Rd6 43. Rc5 Rd5 44. Rc6+ Rd6 1/2-1/2

[Event "Lloyds Bank Masters 2nd"]
[Site "London, Cumberland Hotel"]
[Date "1978.08.25"]
[Round "2.3"]
[White "Kopec, Danny"]
[Black "Balinas, Rosendo Carrean"]
[Result "1/2-1/2"]
[WhiteElo "2310"]
[BlackElo "2440"]
[PlyCount "89"]
[EventDate "1978.08.24"]
[EventType "swiss"]
[EventRounds "10"]
[EventCountry "ENG"]
[SourceTitle "BritBase"]
[Source "John Saunders"]
[SourceDate "2023.12.16"]
[SourceVersion "1"]
[SourceVersionDate "2023.12.16"]
[SourceQuality "1"]

1. e4 c5 2. Nf3 g6 3. c3 b6 4. d4 Bb7 5. Bd3 Bg7 6. O-O Na6 7. Qe2 Nc7 8. d5 d6
9. c4 Nf6 10. Nc3 O-O 11. Rd1 Nd7 12. Bf4 Ne5 13. Nxe5 dxe5 14. Bg5 Ne8 15. a4
a5 16. Rf1 Nd6 17. Rae1 Qd7 18. Qe3 f6 19. Bh6 e6 20. Bxg7 Kxg7 21. b3 Rae8 22.
Qg3 Nf7 23. Nd1 Bc8 24. Ne3 Kh8 25. dxe6 Qxe6 26. Nd5 Qd6 27. Qh4 Kg7 28. Rd1
Bb7 29. Be2 Bxd5 30. cxd5 Qe7 31. Bb5 Rd8 32. Rfe1 Nd6 33. Bd3 Rf7 34. Qg3 Kh8
35. h4 Rg8 36. Re3 h5 37. Rf1 g5 38. Qf3 Rh7 39. Qe2 Qg7 40. Rg3 Qe7 41. hxg5
fxg5 42. Qb2 h4 43. Rg4 Rhg7 44. g3 Ne8 45. d6 1/2-1/2

[Event "Lloyds Bank Masters 2nd"]
[Site "London, Cumberland Hotel"]
[Date "1978.08.25"]
[Round "2.4"]
[White "Britton, Richard L"]
[Black "Shamkovich, Leonid A"]
[Result "0-1"]
[WhiteElo "2235"]
[BlackElo "2485"]
[PlyCount "80"]
[EventDate "1978.08.24"]
[EventType "swiss"]
[EventRounds "10"]
[EventCountry "ENG"]
[SourceTitle "BritBase"]
[Source "John Saunders"]
[SourceDate "2023.12.16"]
[SourceVersion "1"]
[SourceVersionDate "2023.12.16"]
[SourceQuality "1"]

1. e4 c5 2. Nf3 e6 3. d3 Nc6 4. g3 Nge7 5. Bg2 g6 6. O-O Bg7 7. Re1 e5 8. a3 d6
9. Nc3 O-O 10. b4 b6 11. Rb1 Be6 12. Ng5 Bd7 13. Nd5 h6 14. Nf3 Nxd5 15. exd5
Nd4 16. c3 Nb5 17. Bb2 e4 18. dxe4 Nxc3 19. Bxc3 Bxc3 20. Re3 cxb4 21. axb4 Qf6
22. Qd3 Rac8 23. b5 Rc5 24. Bf1 Rfc8 25. h3 Bb2 26. Qb3 Bc1 27. Re1 Rc3 28. Qd1
Rxf3 29. Rxc1 Rxc1 30. Qxc1 Rxf2 31. Qxh6 Bxb5 32. Bg2 Qb2 33. Bh1 Qd4 34. Qe3
Rf1+ 35. Kh2 Qb2+ 36. Bg2 Rf2 37. Rg1 Bf1 38. Qxf2 Qxf2 39. Rxf1 Qb2 40. Re1 f6
0-1

[Event "Lloyds Bank Masters 2nd"]
[Site "London, Cumberland Hotel"]
[Date "1978.08.25"]
[Round "2.5"]
[White "Basman, Michael John"]
[Black "Rantanen, Yrjo A"]
[Result "0-1"]
[WhiteElo "2395"]
[BlackElo "2420"]
[PlyCount "50"]
[EventDate "1978.08.24"]
[EventType "swiss"]
[EventRounds "10"]
[EventCountry "ENG"]
[SourceTitle "BritBase"]
[Source "John Saunders"]
[SourceDate "2023.12.16"]
[SourceVersion "1"]
[SourceVersionDate "2023.12.16"]
[SourceQuality "1"]

1. e4 e5 2. f4 exf4 3. Nf3 h6 4. d4 g5 5. h4 Bg7 6. hxg5 hxg5 7. Rxh8 Bxh8 8.
Qd3 g4 9. Ne5 Qh4+ 10. Kd1 d6 11. Nc4 Qf2 12. Nc3 Ne7 13. Bd2 a6 14. a4 Nbc6
15. Nd5 Nxd5 16. exd5 Ne7 17. Be2 Bf5 18. Qb3 Qg1+ 19. Be1 Qxd4+ 20. Kc1 Qxd5
21. Bh4 Qxg2 22. Kd2 Qd5+ 23. Bd3 Bxd3 24. Qxd3 Qxd3+ 25. cxd3 Ng6 0-1

[Event "Lloyds Bank Masters 2nd"]
[Site "London, Cumberland Hotel"]
[Date "1978.08.25"]
[Round "2.6"]
[White "Gruenfeld, Yehuda"]
[Black "Peters, Jack"]
[Result "0-1"]
[WhiteElo "2330"]
[BlackElo "2430"]
[PlyCount "78"]
[EventDate "1978.08.24"]
[EventType "swiss"]
[EventRounds "10"]
[EventCountry "ENG"]
[SourceTitle "BritBase"]
[Source "John Saunders"]
[SourceDate "2023.12.16"]
[SourceVersion "1"]
[SourceVersionDate "2023.12.16"]
[SourceQuality "1"]

1. e4 d5 2. exd5 Nf6 3. d4 Nxd5 4. c4 Nb6 5. Nf3 Bg4 6. h3 Bxf3 7. Qxf3 Qxd4 8.
Qxb7 e6 9. Nc3 Bc5 10. Qf3 N8d7 11. Be3 Qe5 12. Be2 Bxe3 13. Qxe3 Qxe3 14. fxe3
Ke7 15. O-O-O Ne5 16. b3 a5 17. Rd2 Nbd7 18. Bf3 Rab8 19. Na4 g5 20. Rhd1 h5
21. Be2 f5 22. Rd4 h4 23. Kc2 Rbg8 24. Nc3 Nf6 25. c5 g4 26. Bf1 gxh3 27. gxh3
Rg3 28. Ra4 Rxe3 29. Rxa5 Nc6 30. Rb5 Rd8 31. Rxd8 Kxd8 32. Rb7 Kc8 33. Ba6 Nb8
34. Rb6+ Nxa6 35. Rxa6 Kb7 36. Ra4 Rxh3 37. b4 Rxc3+ 38. Kxc3 h3 39. c6+ Kb8
0-1

[Event "Lloyds Bank Masters 2nd"]
[Site "London, Cumberland Hotel"]
[Date "1978.08.25"]
[Round "2.8"]
[White "Forintos, Gyozo Victor"]
[Black "MacPherson, Hugh Dugald"]
[Result "1-0"]
[WhiteElo "2435"]
[BlackElo "2315"]
[PlyCount "72"]
[EventDate "1978.08.24"]
[EventType "swiss"]
[EventRounds "10"]
[EventCountry "ENG"]
[SourceTitle "BritBase"]
[Source "John Saunders"]
[SourceDate "2023.12.16"]
[SourceVersion "1"]
[SourceVersionDate "2023.12.16"]
[SourceQuality "1"]

1. d4 Nf6 2. c4 g6 3. Nc3 Bg7 4. e4 d6 5. f4 O-O 6. Nf3 c5 7. d5 e6 8. dxe6
fxe6 9. Bd3 Nc6 10. O-O Nd4 11. Ng5 b5 12. cxb5 a6 13. bxa6 Bxa6 14. Bxa6 Rxa6
15. Ne2 Nd7 16. Qd3 Rb6 17. Nxd4 Bxd4+ 18. Be3 Bxe3+ 19. Qxe3 Qe7 20. b3 h6 21.
Nh3 Kh7 22. Rad1 Rb4 23. a3 Rb6 24. Rd3 Ra8 25. Qc1 Rab8 26. Qc2 c4 27. bxc4
Nc5 28. Re3 Rb2 29. Qd1 R8b6 30. Qf3 Nb3 31. f5 gxf5 32. Qh5 Nd2 33. Rg3 Qf6
34. Ng5+ Kg7 35. Nxe6+ Kh7 36. Rg6 Nf3+ 1-0

[Event "Lloyds Bank Masters 2nd"]
[Site "London, Cumberland Hotel"]
[Date "1978.08.25"]
[Round "2.9"]
[White "Haik, Aldo"]
[Black "Large, Peter G"]
[Result "1-0"]
[WhiteElo "2425"]
[BlackElo "2275"]
[PlyCount "87"]
[EventDate "1978.08.24"]
[EventType "swiss"]
[EventRounds "10"]
[EventCountry "ENG"]
[SourceTitle "BritBase"]
[Source "John Saunders"]
[SourceDate "2023.12.16"]
[SourceVersion "1"]
[SourceVersionDate "2023.12.16"]
[SourceQuality "1"]

1. d4 d5 2. c4 e6 3. Nc3 Be7 4. Nf3 Nf6 5. Bg5 O-O 6. e3 h6 7. Bf4 c5 8. Rc1
Nc6 9. cxd5 exd5 10. dxc5 Bxc5 11. Be2 Be6 12. O-O Rc8 13. Nb5 Be7 14. Nfd4 Qb6
15. Nb3 Ne4 16. N5d4 Bf6 17. Nxe6 fxe6 18. Bg4 Rce8 19. f3 Be5 20. Rxc6 bxc6
21. Bxe5 Qxe3+ 22. Kh1 Nf2+ 23. Rxf2 Qxf2 24. Bd4 Qh4 25. g3 Qg5 26. f4 Qg6 27.
Nc5 Re7 28. Be5 Rd8 29. Be2 d4 30. Bd3 Qe8 31. Qf3 Rd5 32. Qe4 Qf7 33. b4 a5
34. a3 axb4 35. axb4 g6 36. Bc4 Rd8 37. Bxd4 Qf5 38. Qxf5 gxf5 39. Nxe6 Rd6 40.
Bc5 Rd1+ 41. Kg2 Rc1 42. Bxe7 Rxc4 43. Bc5 Rc2+ 44. Kh3 1-0

[Event "Lloyds Bank Masters 2nd"]
[Site "London, Cumberland Hotel"]
[Date "1978.08.25"]
[Round "2.11"]
[White "Iskov, Gert"]
[Black "Kraidman, Yair"]
[Result "1/2-1/2"]
[WhiteElo "2395"]
[BlackElo "2455"]
[PlyCount "27"]
[EventDate "1978.08.24"]
[EventType "swiss"]
[EventRounds "10"]
[EventCountry "ENG"]
[SourceTitle "BritBase"]
[Source "John Saunders"]
[SourceDate "2023.12.16"]
[SourceVersion "1"]
[SourceVersionDate "2023.12.16"]
[SourceQuality "1"]

1. e4 e5 2. Nf3 Nc6 3. Bb5 a6 4. Ba4 Nf6 5. O-O Be7 6. Bxc6 dxc6 7. d3 Nd7 8.
Nbd2 O-O 9. Nc4 f6 10. Nh4 Nc5 11. Qf3 Ne6 12. Be3 c5 13. Nf5 Nd4 14. Bxd4
1/2-1/2

[Event "Lloyds Bank Masters 2nd"]
[Site "London, Cumberland Hotel"]
[Date "1978.08.25"]
[Round "2.12"]
[White "Flesch, Janos"]
[Black "Goichberg, William"]
[Result "1-0"]
[WhiteElo "2435"]
[BlackElo "2525"]
[PlyCount "143"]
[EventDate "1978.08.24"]
[EventType "swiss"]
[EventRounds "10"]
[EventCountry "ENG"]
[SourceTitle "BritBase"]
[Source "John Saunders"]
[SourceDate "2023.12.16"]
[SourceVersion "1"]
[SourceVersionDate "2023.12.16"]
[SourceQuality "1"]

1. Nf3 Nf6 2. g3 b6 3. Bg2 Bb7 4. O-O e6 5. d3 d5 6. Nbd2 Nbd7 7. b3 Be7 8. Bb2
O-O 9. e3 c5 10. Qe2 Qc7 11. e4 d4 12. c3 dxc3 13. Bxc3 Rfd8 14. Rac1 Ba6 15.
Rfd1 Rac8 16. a4 Nb8 17. Ne5 Nfd7 18. Nec4 Nc6 19. Nf3 Bf6 20. Bxf6 Nxf6 21. e5
Ne8 22. Qe4 h6 23. d4 cxd4 24. Nxd4 Nxd4 25. Rxd4 Bb7 26. Qe3 Rxd4 27. Qxd4
Bxg2 28. Kxg2 Qc6+ 29. Kg1 Qd5 30. Rd1 Rd8 31. Qxd5 Rxd5 32. Rxd5 exd5 33. Ne3
Nc7 34. Nf5 Na6 35. f4 Nc5 36. Nd4 g6 37. Kf2 f6 38. exf6 Kf7 39. Ke3 Kxf6 40.
Kd2 a5 41. Ke3 h5 42. h3 Ke7 43. Nc6+ Kf6 44. Nd4 Ne4 45. g4 hxg4 46. hxg4 Nc5
47. Kf3 Nd3 48. g5+ Kf7 49. Kg4 Nc5 50. f5 gxf5+ 51. Kxf5 Nd3 52. g6+ Kg7 53.
Ne6+ Kg8 54. Kf6 Nc5 55. Nd4 Ne4+ 56. Ke5 Kg7 57. Kxd5 Nd2 58. Kc6 Kxg6 59.
Kxb6 Kf6 60. Kb5 Ke5 61. Nc6+ Kd6 62. Nxa5 Kc7 63. Kc5 Ne4+ 64. Kd5 Nf6+ 65.
Kd4 Kb6 66. Nc4+ Ka6 67. b4 Nd7 68. Kd5 Kb7 69. b5 Nf6+ 70. Ke6 Nh5 71. a5 Nf4+
72. Kd6 1-0

[Event "Lloyds Bank Masters 2nd"]
[Site "London, Cumberland Hotel"]
[Date "1978.08.25"]
[Round "2.13"]
[White "Kindermann, Stefan"]
[Black "Bouaziz, Slim"]
[Result "0-1"]
[WhiteElo "2240"]
[BlackElo "2365"]
[PlyCount "99"]
[EventDate "1978.08.24"]
[EventType "swiss"]
[EventRounds "10"]
[EventCountry "ENG"]
[SourceTitle "BritBase"]
[Source "John Saunders"]
[SourceDate "2023.12.16"]
[SourceVersion "1"]
[SourceVersionDate "2023.12.16"]
[SourceQuality "1"]

1. e4 c5 2. Nf3 d6 3. c3 Nf6 4. Bd3 g6 5. O-O Bg7 6. Bc2 O-O 7. d4 cxd4 8. cxd4
Nc6 9. h3 Nb4 10. Bb3 d5 11. e5 Ne8 12. Nc3 Nc7 13. Bf4 Bf5 14. Qd2 Bd3 15.
Rfc1 Ba6 16. Bh6 Nd3 17. Bxg7 Kxg7 18. Rd1 Bc4 19. Nxd5 Qxd5 20. Bxc4 Qxc4 21.
Qxd3 Qxd3 22. Rxd3 Nd5 23. Rdd1 Rfd8 24. Rac1 h6 25. h4 Rd7 26. Kf1 Rad8 27. g3
Nb4 28. Rc4 Nc6 29. Ke2 f6 30. exf6+ exf6 31. b4 g5 32. hxg5 hxg5 33. b5 Ne7
34. a4 Kf7 35. Kd3 Nd5 36. a5 Nc7 37. Rb1 Ne6 38. Rbb4 Rd5 39. Nd2 Kg6 40. Ne4
Rf5 41. Ke3 g4 42. Ke2 a6 43. bxa6 bxa6 44. Nc5 Ng5 45. Rc3 Nf3 46. Nxa6 Rxa5
47. Nc7 Ra2+ 48. Ke3 Rd7 49. d5 Ne5 50. Rd4 {time} 0-1

[Event "Lloyds Bank Masters 2nd"]
[Site "London, Cumberland Hotel"]
[Date "1978.08.25"]
[Round "2.14"]
[White "Henshaw, John C"]
[Black "Povah, Nigel Edward"]
[Result "0-1"]
[WhiteElo "2215"]
[BlackElo "2350"]
[PlyCount "72"]
[EventDate "1978.08.24"]
[EventType "swiss"]
[EventRounds "10"]
[EventCountry "ENG"]
[SourceTitle "BritBase"]
[Source "John Saunders"]
[SourceDate "2023.12.16"]
[SourceVersion "1"]
[SourceVersionDate "2023.12.16"]
[SourceQuality "1"]

1. e4 c5 2. c3 Nf6 3. e5 Nd5 4. Nf3 b6 5. d4 cxd4 6. cxd4 e6 7. Nc3 Bb7 8. Bd3
Be7 9. h4 Qc8 10. Ne4 Ba6 11. O-O h6 12. Be3 Bxd3 13. Qxd3 Qa6 14. Qd2 Nc6 15.
Ng3 O-O-O 16. a3 Na5 17. b4 Nc4 18. Qd3 Kb7 19. b5 Qxb5 20. Ne4 Qa4 21. Rfc1
Rc8 22. Nc5+ Rxc5 23. dxc5 Ncxe3 24. fxe3 Bxc5 25. Rc4 Bxe3+ 26. Kh1 Qa5 27.
Qe4 g5 28. a4 Rc8 29. Rxc8 Kxc8 30. hxg5 hxg5 31. Qh7 Qc3 32. Rd1 Qb3 33. Rf1
Qxa4 34. Nxg5 Bxg5 35. Qg8+ Bd8 36. Rxf7 Qa1+ 0-1

[Event "Lloyds Bank Masters 2nd"]
[Site "London, Cumberland Hotel"]
[Date "1978.08.25"]
[Round "2.17"]
[White "James, Geoffrey H"]
[Black "Burger, Karl"]
[Result "1/2-1/2"]
[WhiteElo "2230"]
[BlackElo "2300"]
[PlyCount "100"]
[EventDate "1978.08.24"]
[EventType "swiss"]
[EventRounds "10"]
[EventCountry "ENG"]
[SourceTitle "BritBase"]
[Source "John Saunders"]
[SourceDate "2023.12.16"]
[SourceVersion "1"]
[SourceVersionDate "2023.12.16"]
[SourceQuality "1"]

1. e4 c5 2. Nf3 e6 3. d4 cxd4 4. Nxd4 a6 5. c4 Qc7 6. Nc3 Nc6 7. Be2 Nf6 8. O-O
Bb4 9. Nxc6 dxc6 10. Qb3 Bc5 11. Na4 $6 (11. Bg5) 11... Bd6 12. f4 Nxe4 13. Be3
O-O 14. c5 Be7 15. Bd3 Nf6 16. Bd4 Rd8 17. Be5 Qa5 18. Bc3 Bxc5+ $5 19. Kh1
Rxd3 $1 20. Bxa5 Rxb3 21. axb3 Be3 22. Bb6 Nd5 23. Bxe3 Nxe3 24. Nb6 Rb8 25.
Rad1 $1 Nd5 26. f5 Kf8 27. Nxc8 Rxc8 28. fxe6 f6 29. Rfe1 Ke7 30. Rd4 Rd8 31.
Rg4 g5 32. Rge4 Nc7 33. h4 h6 34. hxg5 hxg5 35. R1e3 Rd2 36. Kg1 c5 37. Rh3
Nxe6 38. Rh7+ Kd6 39. Rxb7 Nf4 40. Ra4 Rxg2+ 41. Kf1 Rxb2 42. Rxa6+ Ke5 43.
Re7+ Kf5 44. Rf7 Ke4 45. Raxf6 Kf3 46. Ke1 Rxb3 47. Rf5 c4 48. Rxg5 c3 49. Kd1
Rb2 50. Rc5 Rd2+ {Source: G H James via Brian Denman, contributed 21 July 2021}
1/2-1/2

[Event "Lloyds Bank Masters 2nd"]
[Site "London, Cumberland Hotel"]
[Date "1978.08.25"]
[Round "2.18"]
[White "Van der Sterren, Paul"]
[Black "Cummings, David H"]
[Result "1/2-1/2"]
[WhiteElo "2400"]
[BlackElo "2230"]
[PlyCount "62"]
[EventDate "1978.08.24"]
[EventType "swiss"]
[EventRounds "10"]
[EventCountry "ENG"]
[SourceTitle "BritBase"]
[Source "John Saunders"]
[SourceDate "2023.12.16"]
[SourceVersion "1"]
[SourceVersionDate "2023.12.16"]
[SourceQuality "1"]

1. e4 e6 2. d4 d5 3. Nc3 Bb4 4. e5 c5 5. a3 Bxc3+ 6. bxc3 Qc7 7. Nf3 Ne7 8. a4
b6 9. Bb5+ Bd7 10. O-O Bxb5 11. axb5 a5 12. c4 dxc4 13. dxc5 bxc5 14. Nd2 O-O
15. Nxc4 Nd7 16. Bb2 Ng6 17. f4 Nb6 18. Nd6 Nd5 19. Qd2 c4 20. Bc3 a4 21. f5
Nxc3 22. fxg6 Qc5+ 23. Kh1 Nxb5 24. gxf7+ Kh8 25. Nxb5 Qxb5 26. Qd6 Qd5 27.
Qxd5 exd5 28. e6 Ra7 29. Rxa4 Rxa4 30. e7 Raa8 31. Re1 Rfe8 1/2-1/2

[Event "Lloyds Bank Masters 2nd"]
[Site "London, Cumberland Hotel"]
[Date "1978.08.25"]
[Round "2.21"]
[White "Hillyard, Graham D"]
[Black "Harding, Timothy David"]
[Result "1/2-1/2"]
[WhiteElo "2250"]
[BlackElo "2230"]
[PlyCount "26"]
[EventDate "1978.08.24"]
[EventType "swiss"]
[EventRounds "10"]
[EventCountry "ENG"]
[SourceTitle "Tim Harding"]
[Source "Tim Harding"]
[SourceDate "2023.12.23"]
[SourceVersion "1"]
[SourceVersionDate "2023.12.23"]
[SourceQuality "1"]

1. d4 e6 2. Nf3 Nf6 3. c4 d5 4. Nc3 c6 5. e3 Nbd7 6. Qc2 Bd6 7. Bd2 O-O 8.
O-O-O Qe7 9. e4 dxe4 10. Nxe4 Nxe4 11. Qxe4 e5 12. dxe5 Nxe5 13. Nxe5 Qxe5 {
Source: Tim Harding personal database.} 1/2-1/2

[Event "Lloyds Bank Masters 2nd"]
[Site "London, Cumberland Hotel"]
[Date "1978.08.25"]
[Round "2.23"]
[White "Rayner, Emmanuel"]
[Black "Albrecht, Rainer"]
[Result "1-0"]
[WhiteElo "2345"]
[BlackElo "2120"]
[PlyCount "59"]
[EventDate "1978.08.24"]
[EventType "swiss"]
[EventRounds "10"]
[EventCountry "ENG"]
[SourceTitle "BritBase"]
[Source "John Saunders"]
[SourceDate "2023.12.16"]
[SourceVersion "1"]
[SourceVersionDate "2023.12.16"]
[SourceQuality "1"]

1. e4 e6 2. d4 d5 3. Nd2 Nf6 4. e5 Nfd7 5. Bd3 c5 6. c3 Nc6 7. Ne2 cxd4 8. cxd4
Nb6 9. O-O Bd7 10. a3 a5 11. b3 a4 12. b4 Na7 13. Nc3 Be7 14. f4 g6 15. g4 Rc8
16. Bb2 h5 17. f5 Bg5 18. fxg6 Be3+ 19. Kh1 hxg4 20. gxf7+ Kf8 21. Qxg4 Bxd2
22. Rg1 Qg5 23. Qxg5 Bxg5 24. Rxg5 Nc4 25. Rag1 Nxb2 26. Rg8+ Ke7 27. R1g7 Rf8
28. Bg6 Rh6 29. Rxf8 Rxg6 30. Rfg8 1-0

[Event "Lloyds Bank Masters 2nd"]
[Site "London, Cumberland Hotel"]
[Date "1978.08.25"]
[Round "2.29"]
[White "Benjamin, Joel"]
[Black "Yeo, Michael J"]
[Result "1-0"]
[WhiteElo "2300"]
[BlackElo "2205"]
[PlyCount "67"]
[EventDate "1978.08.24"]
[EventType "swiss"]
[EventRounds "10"]
[EventCountry "ENG"]
[SourceTitle "BritBase"]
[Source "John Saunders"]
[SourceDate "2023.12.16"]
[SourceVersion "1"]
[SourceVersionDate "2023.12.16"]
[SourceQuality "1"]

1. e4 e5 2. Nf3 Nc6 3. Bb5 a6 4. Ba4 d6 5. Bxc6+ bxc6 6. d4 f6 7. Be3 Ne7 8.
Nc3 Ng6 9. Qe2 Bd7 10. h4 h5 11. O-O-O Qb8 12. dxe5 fxe5 13. Qc4 Be7 14. Ng5
Bxg5 15. hxg5 a5 16. g3 Qb4 17. Qe2 Bg4 18. f3 Be6 19. a3 Qb7 20. Kb1 d5 21.
exd5 cxd5 22. f4 Bg4 23. Qd3 Ne7 24. Bc5 Rb8 25. b4 axb4 26. axb4 d4 27. Ne2
Qc6 28. Kc1 Bf5 29. Qa3 Nd5 30. Rhe1 Rxb4 31. Nxd4 Qxc5 32. Rxe5+ Be6 33. Rxe6+
Kf7 34. g6+ 1-0

[Event "Lloyds Bank Masters 2nd"]
[Site "London, Cumberland Hotel"]
[Date "1978.08.25"]
[Round "2.34"]
[White "Ginsburg, Mark"]
[Black "Hodgson, Julian M"]
[Result "1/2-1/2"]
[WhiteElo "2335"]
[BlackElo "2265"]
[PlyCount "127"]
[EventDate "1978.08.24"]
[EventType "swiss"]
[EventRounds "10"]
[EventCountry "ENG"]
[SourceTitle "BritBase"]
[Source "John Saunders"]
[SourceDate "2023.12.16"]
[SourceVersion "1"]
[SourceVersionDate "2023.12.16"]
[SourceQuality "1"]

1. c4 e6 2. Nf3 d5 3. b3 c5 4. g3 Nc6 5. Bg2 Nf6 6. O-O Be7 7. Nc3 O-O 8. cxd5
exd5 9. d4 Ne4 10. Bb2 Bf6 11. e3 Bg4 12. h3 Bxf3 13. Bxf3 cxd4 14. Nxe4 dxe4
15. Bxe4 dxe3 16. Qxd8 exf2+ 17. Rxf2 Bxd8 18. Kg2 Bb6 19. Rd2 Rad8 20. Rad1
Rxd2+ 21. Rxd2 Rd8 22. Rxd8+ Bxd8 23. a3 g6 24. Kf3 Kf8 25. b4 a6 26. a4 Nxb4
27. Ba3 a5 28. Bxb7 f5 29. g4 fxg4+ 30. Kxg4 Kf7 31. Bxb4 axb4 32. Kf4 Kf6 33.
Bd5 h5 34. Bb3 Bc7+ 35. Ke4 Kg5 36. Kf3 Kh4 37. Kg2 g5 38. Bc4 g4 39. hxg4 hxg4
40. Be6 Kg5 41. Kf2 Kf4 42. Kg2 Bb6 43. Bb3 Kf5 44. Kg3 Bc7+ 45. Kg2 Ke4 46.
Be6 Kf4 47. Bb3 Kf5 48. Bd1 Kg5 49. Bb3 Kh4 50. Be6 g3 51. Kf3 b3 52. Kg2 b2
53. Bf5 Bb6 54. Bb1 Kg4 55. Bh7 Kf4 56. Bb1 Ba5 57. Bh7 Be1 58. Bb1 Ke5 59. a5
Kd6 60. a6 Kc7 61. Bd3 Kb6 62. Kf3 Bf2 63. Kg2 Kc7 64. Kf3 {Source: https://
nezhmet.wordpress.com/tag/lloyds-bank-chess/ Contributed by Andy Ansel} 1/2-1/2

[Event "Lloyds Bank Masters 2nd"]
[Site "London, Cumberland Hotel"]
[Date "1978.08.25"]
[Round "2.42"]
[White "Blow, Ronald"]
[Black "Freeman, Michael Joseph"]
[Result "0-1"]
[WhiteElo "2230"]
[BlackElo "2065"]
[PlyCount "50"]
[EventDate "1978.08.24"]
[EventType "swiss"]
[EventRounds "10"]
[EventCountry "ENG"]
[SourceTitle "BritBase"]
[Source "John Saunders"]
[SourceDate "2023.12.16"]
[SourceVersion "1"]
[SourceVersionDate "2023.12.16"]
[SourceQuality "1"]

1. c4 c6 2. d4 d5 3. Nc3 Nf6 4. cxd5 cxd5 5. Nf3 e6 6. Bf4 Bd6 7. e3 Ne4 8.
Bb5+ Bd7 9. Bxd7+ Nxd7 10. Bxd6 Nxd6 11. O-O O-O 12. Qd3 Rc8 13. Rac1 Qb6 14.
b3 Qa5 15. Ne5 Nf6 16. Na4 Nfe4 17. f3 b5 18. Nc5 Nxc5 19. dxc5 Nb7 20. c6 Nd8
21. Rc5 f6 22. Rxb5 Qxa2 23. Nd7 Re8 24. Rb7 Nxb7 25. cxb7 Rc2 {Source:
chessgames.com} 0-1

[Event "Lloyds Bank Masters 2nd"]
[Site "London, Cumberland Hotel"]
[Date "1978.08.25"]
[Round "2.47"]
[White "Van Baarle, C John"]
[Black "Silman, Jeremy D"]
[Result "1/2-1/2"]
[WhiteElo "2335"]
[BlackElo "2360"]
[PlyCount "77"]
[EventDate "1978.08.24"]
[EventType "swiss"]
[EventRounds "10"]
[EventCountry "ENG"]
[SourceTitle "BritBase"]
[Source "John Saunders"]
[SourceDate "2023.12.16"]
[SourceVersion "1"]
[SourceVersionDate "2023.12.16"]
[SourceQuality "1"]

1. e4 c5 2. Nf3 Nc6 3. Bb5 g6 4. O-O Bg7 5. Re1 Nf6 6. e5 Nd5 7. Bxc6 dxc6 8.
d3 O-O 9. Nbd2 Nc7 10. a4 Ne6 11. Nc4 Nd4 12. Be3 Be6 13. Bxd4 cxd4 14. b4 Qc7
15. Qd2 Rad8 16. Rad1 Bd5 17. Qf4 Bxf3 18. Qxf3 e6 19. Qe4 Rd5 20. f4 b5 21.
Nd6 Rb8 22. axb5 cxb5 23. Qe2 f5 24. exf6 Rxd6 25. fxg7 Rc6 26. Qg4 Re8 27. Re5
Rxc2 28. Rxe6 Qc8 29. f5 Rc1 30. Rxc1 Qxc1+ 31. Kf2 Rxe6 32. fxe6 Qe3+ 33. Kf1
Qxd3+ 34. Qe2 Qf5+ 35. Ke1 Qb1+ 36. Kf2 Qf5+ 37. Ke1 Qb1+ 38. Kf2 Qf5+ 39. Ke1
{Contributed by Andy Ansel} 1/2-1/2

[Event "Lloyds Bank Masters 2nd"]
[Site "London, Cumberland Hotel"]
[Date "1978.08.25"]
[Round "2.50"]
[White "Hawksworth, John C"]
[Black "Crouch, Colin S"]
[Result "1-0"]
[WhiteElo "2065"]
[BlackElo "2300"]
[PlyCount "49"]
[EventDate "1978.08.24"]
[EventType "swiss"]
[EventRounds "10"]
[EventCountry "ENG"]
[SourceTitle "BritBase"]
[Source "John Saunders"]
[SourceDate "2023.12.16"]
[SourceVersion "1"]
[SourceVersionDate "2023.12.16"]
[SourceQuality "1"]

1. d4 Nf6 2. c4 e6 3. Nf3 d5 4. Bg5 h6 5. Bh4 dxc4 6. e3 b5 7. a4 c6 8. Be2
Nbd7 9. O-O Bb7 10. b3 g5 11. Bg3 Ne4 12. bxc4 h5 13. Be5 Rh6 14. Nfd2 Nxd2 15.
Nxd2 Nxe5 16. dxe5 Qc7 17. cxb5 Qxe5 18. Nf3 Qg7 19. bxc6 Bxc6 20. Rc1 Bd5 21.
Bb5+ Ke7 22. e4 Bxe4 23. Qd7+ Kf6 24. Qd4+ Kf5 25. Rc5+ 1-0